000
00285nam a22001097a 4500
005
20250901165815.0
008
250328b |||||||| |||| 00| 0 eng d
050
_a
PL 8704 .O86 2011
245
_a
Jua Linapotua na Hadithi Nyingine
_c
Osore, Miriam
260
_a
Longhorn
_b
2011
942
_2
lcc
999
_c
9469
_d
9469